| 000 | 01094cam a2200313Ia 4500 | ||
|---|---|---|---|
| 001 | 50514 | ||
| 005 | 20230411090003.0 | ||
| 008 | 960131s1995 vaua b 000 0 eng d | ||
| 010 | _a 95067358 | ||
| 035 | _a(OCoLC)ocm34110269 | ||
| 040 |
_aGYS _cGYS _dCTN _dIAI |
||
| 019 | _a33853291 | ||
| 020 | _a0962964867 | ||
| 020 | _a9780962964862 | ||
| 035 |
_a(OCoLC)34110269 _z(OCoLC)33853291 |
||
| 090 |
_aHB601 _bS748 1995 |
||
| 049 | _aGRAL | ||
| 100 | 1 | _aStettinius, Wallace. | |
| 245 | 1 | 0 |
_aWinning in a changing environment : _blearning to manage in a changing environment which means learning to think strategically / _cby Wallace Stettinius. |
| 260 |
_aRichmond, Va. : _bW. Stettinius ; _aAlexandria, Va : _bDistributed by the Printing Industries of America, _cc1995. |
||
| 300 |
_axxii, 287 p. : _bill. ; _c26 cm. |
||
| 504 | _aIncludes bibliographical references (p. [283]-287). | ||
| 650 | 0 | _aStrategic planning. | |
| 650 | 0 | _aCorporate profits. | |
| 650 | 0 | _aIndustrial management. | |
| 650 | 0 | _aCreative ability in business. | |
| 942 |
_2lcc _cbk |
||
| 994 |
_aC0 _bDRFGD |
||
| 999 |
_c110461 _d110461 |
||